000 00677nam a2200229Ia 4500
005 20250508165232.0
008 008 250505s9999 xx 000 0 eng d
020 _a978-0-415-67837-7
037 _aTextBook
040 _aFEDL
_beng
_cFEDL
041 _aeng
_2eng
084 _a418.007, RIC/R
_qFEDL
100 _aRichards Jack C
245 0 _aReflective teaching in second language classrooms
260 _aDelhi, India
_bCambridge University Press
_c1996
300 _axii, 218p.
365 _aINR
_b275
490 _aCambridge Language Education
700 _a Lockhart Charles
_9780236
942 _cTB
_h418.007, RIC/R
999 _c1393977
_d1393977